| 000 | 00923cam a22002411 4500 | ||
|---|---|---|---|
| 001 | agr65000297 | ||
| 003 | DLC | ||
| 005 | 20260227111024.0 | ||
| 008 | 780209s1965 dcuab f001 0 eng | ||
| 010 | _aagr65000297 | ||
| 035 | _a(OCoLC)3620965 | ||
| 040 |
_aDLC _cMsHaU _dOCoLC _dDLC |
||
| 042 | _apremarc | ||
| 050 | 0 | 0 |
_aS591 _b.A22 ser. 1961, no. 17 |
| 100 | 1 |
_aCamp, Wallace Jefferson, _d1906- |
|
| 245 | 1 | 0 |
_aSoil survey, York County, South Carolina. _c[Report by Wallace J. Camp. Fieldwork by W. A. Davis and others.] |
| 260 |
_aWashington] _bU.S. Dept. of Agriculture, Soil Conservation Service, _c1965. |
||
| 300 |
_ai, 113 p. _billus., maps (part fold. col.) _c28 cm. |
||
| 410 | 1 | 0 |
_aUnited States. _bSoil Conservation Service. _tSoil survey, ser. 1961, _vno. 17 |
| 504 | _a"Literature cited": p. 106-107. | ||
| 650 | 0 |
_aSoil surveys _zSouth Carolina _zYork County. |
|
| 700 | 1 |
_aDavis, William Anderson, _d1893- |
|
| 999 |
_c12020 _d12020 |
||